000 00559nam a2200205Ia 4500
005 20250508163555.0
008 008 250505s9999 xx 000 0 hin d
020 _a81-86684-08-5
037 _aTextBook
040 _aFEDL
_beng
_cFEDL
041 _ahin
_2eng
084 _a371.97, JOS/R
_qFEDL
100 _aJoshi Ram Sharn
_9775663
245 0 _aAdivasi samaj aur shiksha
260 _aNew Delhi, India
_bGranth Shilpi
_c1996
300 _axiii,182p.
365 _aINR
_b200
942 _cTB
_h371.97, JOS/R
999 _c1384159
_d1384159